Countries Bordering Another Continent - Statistics

General Stats
  • This quiz has been taken 98 times
    93 since last reset
  • The average score is 9 of 12
Answer Stats
Continent Continent Answer % Correct
North America South America Panama
92%
Oceania Asia Papua New Guinea
88%
Europe Africa Spain
88%
Asia Africa Egypt
84%
Oceania Asia Indonesia
83%
Asia Africa Israel
83%
North America South America Colombia
82%
Europe Africa Morocco
75%
South America Europe France
72%
South America Europe France
72%
South America Europe Brazil
63%
South America Europe Suriname
57%
No matching quizzes found
Score Distribution
Percent of People with Each Score
Percentile by Number Answered
Your Score History
You have not taken this quiz since the last reset